[Event "Palanga op"]
[Site "Palanga"]
[Date "2013.06.21"]
[Round "8"]
[White "Bisigirskas, Paulius"]
[Black "Sinjavins, Romans"]
[Result "1/2-1/2"]
[WhiteElo "1625"]
[BlackElo "1535"]
[PlyCount "100"]
[EventDate "2013.06.17"]
[EventType "swiss"]
[EventRounds "9"]
[EventCountry "LTU"]
[SourceTitle "EXT 2014"]
[Source "ChessBase"]
[SourceDate "2013.11.20"]
[SourceVersion "1"]
[SourceVersionDate "2013.11.20"]
[SourceQuality "1"]

1. e4 c6 2. d4 d5 3. Nc3 dxe4 4. Nxe4 Bf5 5. Ng3 Bg6 6. h4 h6 7. Nf3 Nd7 8. h5 Bh7 9. Bd3 Bxd3 10. Qxd3 e6 11. Bd2 Ngf6 12. 0-0-0 Qc7 13. Ne4 0-0-0 14. g3 Nxe4 15. Qxe4 Nf6 16. Qe2 Bd6 17. c4 b6 18. Bc3 Rhg8 19. Ne5 Bxe5 20. dxe5 Nd7 21. Rd6 Nc5 22. Rhd1 Nb7 23. R6d2 Rxd2 24. Rxd2 Rd8 25. Rxd8+ Qxd8 26. b4 Qg5+ 27. Kb2 Qe7 28. Qg4 Qf8 29. a3 a5 30. Qd1 axb4 31. axb4 Kc7 32. Qf3 Qe8 33. Kb3 Kc8 34. Qg4 Qf8 35. f4 Kc7 36. Qf3 Qc8 37. g4 c5 38. b5 Nd8 39. g5 Qb7 40. Qd3 Qh1 41. gxh6 gxh6 42. Qd6+ Kc8 43. Qxb6 Qd1+ 44. Ka3 Qc1+ 45. Bb2 Qxc4 46. Qa6+ Kb8 47. Qa4 Qd3+ 48. Ka2 Qd5+ 49. Ka3 Qf3+ 50. Ka2 Qd5+ 1/2-1/2

[Event "Palanga op"]
[Site "Palanga"]
[Date "2013.06.17"]
[Round "1"]
[White "Sinjavins, Romans"]
[Black "Ceponis, Tadas"]
[Result "0-1"]
[WhiteElo "1535"]
[BlackElo "1942"]
[PlyCount "118"]
[EventDate "2013.06.17"]
[EventType "swiss"]
[EventRounds "9"]
[EventCountry "LTU"]
[SourceTitle "EXT 2014"]
[Source "ChessBase"]
[SourceDate "2013.11.20"]
[SourceVersion "1"]
[SourceVersionDate "2013.11.20"]
[SourceQuality "1"]

1. e4 c5 2. c3 d5 3. exd5 Qxd5 4. Qf3 e6 5. Qxd5 exd5 6. Nf3 Bd6 7. Bb5+ Bd7 8. Bxd7+ Nxd7 9. d4 Ngf6 10. Be3 Ng4 11. Na3 Nxe3 12. fxe3 0-0 13. Nb5 Bb8 14. Kd2 a6 15. Na3 b5 16. Nc2 Bd6 17. a3 Nb6 18. b3 c4 19. b4 Rfe8 20. Rhe1 Na4 21. Rab1 f5 22. g3 Re7 23. Nh4 g6 24. Ng2 g5 25. Rf1 Rf8 26. Rf3 Ref7 27. Rbf1 Kg7 28. h3 h5 29. Nce1 g4 30. hxg4 hxg4 31. Rf4 Nb6 32. R4f2 Bxg3 33. Re2 Re8 34. Nf4 Bxf4 35. Rxf4 Nc8 36. Ref2 Nd6 37. Rh2 Ne4+ 38. Kc2 Ng5 39. Ng2 Nh3 40. Rf1 Kg6 41. Nh4+ Kg5 42. Nf3+ gxf3 43. Rxh3 Rxe3 44. Rhxf3 Rxf3 45. Rxf3 Kg4 46. Rf1 f4 47. Kd2 Rh7 48. Rg1+ Kf5 49. Rg2 Rh3 50. Re2 Rd3+ 51. Kc2 Re3 52. Rxe3 fxe3 53. Kd1 Kf4 54. Ke1 Kf3 55. Kf1 e2+ 56. Ke1 Ke3 57. a4 bxa4 58. b5 a3 59. bxa6 a2 0-1